Lola at the library / (Record no. 5145)

MARC details
000 -LEADER
fixed length control field 00962nam a22003017a 4500
001 - CONTROL NUMBER
control field 5145
003 - CONTROL NUMBER IDENTIFIER
control field FISKH
005 - DATE AND TIME OF LATEST TRANSACTION
control field 20250814141450.0
008 - FIXED-LENGTH DATA ELEMENTS--GENERAL INFORMATION
fixed length control field 241107b cb ||||| |||| 00| 0 eng d
020 ## - INTERNATIONAL STANDARD BOOK NUMBER
International Standard Book Number 9780439025638
040 ## - CATALOGING SOURCE
Original cataloging agency FISKH
Language of cataloging eng
Transcribing agency FISKH
Modifying agency FISKH
050 ## - LIBRARY OF CONGRESS CALL NUMBER
Classification number PZ7.M47883
082 ## - DEWEY DECIMAL CLASSIFICATION NUMBER
Classification number 813.6
100 ## - MAIN ENTRY--PERSONAL NAME
Personal name McQuinn, Anna
245 ## - TITLE STATEMENT
Title Lola at the library /
Statement of responsibility, etc. Anna McQuinn Illustrated by Rosalind Beardshaw
250 ## - EDITION STATEMENT
Edition statement First printing in 2006
260 ## - PUBLICATION, DISTRIBUTION, ETC.
Place of publication, distribution, etc. Watertown :
Name of publisher, distributor, etc. Scholastic,
Date of publication, distribution, etc. 2006.
300 ## - PHYSICAL DESCRIPTION
Extent 23 pages :
Other physical details Color illustrations ;
Dimensions 25 cm
505 ## - FORMATTED CONTENTS NOTE
Formatted contents note J<br/>
520 ## - SUMMARY, ETC.
Summary, etc. Every Tuesday Lola and her mother visit their local library to return and check out books, attend story readings, and share a special treat.
521 8# - TARGET AUDIENCE NOTE
Target audience note 480L<br/>
Source Lexile<br/>
521 8# - TARGET AUDIENCE NOTE
Target audience note J<br/>
Source Raz-Plus<br/>
650 ## - SUBJECT ADDED ENTRY--TOPICAL TERM
Source of heading or term Picture book
Topical term or geographic name entry element Family
650 ## - SUBJECT ADDED ENTRY--TOPICAL TERM
Source of heading or term Fiction
Topical term or geographic name entry element Libraries
700 ## - ADDED ENTRY--PERSONAL NAME
Personal name Beardshaw, Rosalind
Dates associated with a name Illustrator
942 ## - ADDED ENTRY ELEMENTS (KOHA)
Source of classification or shelving scheme Dewey Decimal Classification
Koha item type Books
Suppress in OPAC No
Holdings
Withdrawn status Lost status Source of classification or shelving scheme Damaged status Not for loan Collection Home library Current library Shelving location Date acquired Total Checkouts Full call number Barcode Date last seen Date last checked out Copy number Price effective from Koha item type
    Dewey Decimal Classification     Juvenile Fiction Footprints International School Library Network Toul Kork Campus Footprints International School Library Network Toul Kork Campus TK Primary Library Room(4th Floor), Bookcase 1&2, Shelves 1-16, Dark Blue Books 11/07/2024 3 MCQ 813.6 PZ7.M47883 FISTK01702 06/06/2025 04/08/2025 1 11/07/2024 Books
    Dewey Decimal Classification     Juvenile Fiction Footprints International School Library Network Toul Tom Poung Campus Footprints International School Library Network Toul Tom Poung Campus TTP Primary Dark Blue Bookshelves 08/14/2025   MCQ 813.6 PZ7.M47883 FISBK05458 08/14/2025   2 08/14/2025 Books